Best Selling Beers (2010) Quiz Stats

 Plays Quiz Updated Jul 25, 2014

     
Support Sporcle.
Go Orange.
Score 0/15 Timer 04:00
0 Plays Today
Rank Beer % Correct
2Budweiser
91.7%
1Bud Light
86.2%
4Coors Light
78.8%
3Miller Lite
77.1%
5Corona Extra
64%
7Heineken
60%
12Samuel Adams (variety)
53.8%
6Natural Light
42.9%
Rank Beer % Correct
10Miller High Life
34.8%
11Guinness
30.9%
13Keystone Light
29.7%
9Busch Light
28.3%
8Michelob Ultra Light
19.8%
15Yuengling Traditional Lager
19.8%
14Milwaukee's Best
16.8%

From the Vault

Home for the Holidays Logic Puzzle

by ThumbsUpGuy

Holiday 20m
Oh, there's no place like Sporcle for the holidays...
Remove Ads.
Support Sporcle.
Get the best of Sporcle when you Go Orange. This ad-free experience offers more features, more stats, and more fun while also helping to support Sporcle. Thank you for becoming a member.

Show Comments

Extras

Top Quizzes Today


Score Distribution

Your Account Isn't Verified!

In order to create a playlist on Sporcle, you need to verify the email address you used during registration. Go to your Sporcle Settings to finish the process.

Report this User

Report this user for behavior that violates our Community Guidelines.

Details: